00337nam a2200121 a 4500008004100000020001500041050001700056100001800073245006500091260003300156300001700189350000900206120416s0000 ||||||||||||||||| || u a014003594X aPR 9110.U8O8 aKubin, Alfred14aThe other sidectranslated from the German by Denver Lindley aHarmondsworthbPenguinc1967 a304p. : ill. a0.00